| 000 | 00589nam a2200241Ia 4500 | ||
|---|---|---|---|
| 005 | 20260430150332.0 | ||
| 008 | 008 250103s9999 xx 000 0 eng d | ||
| 037 | _aTheses | ||
| 040 | _aCRL | ||
| 040 | _beng | ||
| 040 | _ceng | ||
| 041 | _2eng | ||
| 041 | _aeng | ||
| 084 | _qCRL | ||
| 100 |
_aChakrabarti Suprotik Au.; Bhowmick Nilanjan Gu. _91237180 |
||
| 245 | 0 | _aExamining Luminosity | |
| 260 | _c2022 | ||
| 300 | _a123p. | ||
| 650 | _aPhilosophy | ||
| 700 | _aUniversity of Delhi. Faculty of Arts. Deptt. of Philosophy | ||
| 942 | _cTH | ||
| 999 |
_c1849539 _d1849539 |
||